Loading...
| History - American | 0 | 5 | 0 | 0 | 50 | 41 | 72.20 | 0 | 2 | 16.62 | 25.24 |
| Other Academic | 0 | 2 | 0 | 1 | 20 | 72 | 103.50 | 0 | 0 | 14.13 | 21.52 |
| Social Science | 0 | 2 | 1 | 1 | 15 | 55 | 80.00 | 1 | 1 | 3.92 | 8.39 |
| Literature - American | 0 | 1 | 0 | 0 | 10 | 35 | 35.00 | 1 | 1 | 5.78 | 5.59 |
| Fine Arts - Other | 0 | 1 | 0 | 0 | 10 | 120 | 120.00 | 0 | 0 | 0.80 | 3.85 |
| Philosophy | 0 | 1 | 0 | 1 | 10 | 115 | 115.00 | 0 | 0 | 0.00 | 0.70 |
| Religion | 0 | 1 | 0 | 1 | 10 | 109 | 109.00 | 0 | 0 | 0.00 | 0.77 |
| Science - Physics | 0 | 1 | 0 | 0 | 10 | 110 | 110.00 | 0 | 0 | 0.00 | 0.77 |
| Literature - British | 0 | 1 | 0 | 0 | 10 | 83 | 83.00 | 0 | 0 | 3.46 | 5.38 |
| Fine Arts - Painting and Sculpture | 0 | 1 | 0 | 0 | 10 | 114 | 114.00 | 0 | 0 | 1.29 | 3.85 |
| History - Other | 0 | 1 | 0 | 0 | 10 | 107 | 107.00 | 0 | 0 | 0.72 | 2.31 |